| 000 | 00963nam a22003017a 4500 | ||
|---|---|---|---|
| 001 | BR0306032 | ||
| 003 | BR-BrBNA | ||
| 005 | 20230928101501.0 | ||
| 007 | ta | ||
| 008 | 230509b bl.||||| |||| 00| 0 por d | ||
| 040 |
_aBR-BrBNA _bpor _cBiblioteca Nacional de Agricultura |
||
| 041 | _a(Por) | ||
| 072 |
_aH10 _b7300 |
||
| 090 | _ 7300 BR0306032 | ||
| 100 | 1 | _aMacedo, L.P.M. | |
| 110 | 1 |
_aUniversidade Federal de Lavras, MG (Brasil) _0Tese (Mestrado) |
|
| 245 | 1 | _aDesenvolvimento, reprodução e comportamento de Chrysoperla externa (Hagen, 1861)(Neuroptera: Chrysopidae)em diferentes condições ambientais | |
| 260 | 3 |
_aLavras, MG (Brasil): _c2001. |
|
| 300 | _a78 p. | ||
| 500 | _aSummaries (Eng, Por); Several bibliography; 9 illus.; 7 tables | ||
| 650 | _aINSETO PARA CONTROLE BIOLÓGICO | ||
| 650 | _aPULGÃO | ||
| 650 | _aPUPA | ||
| 650 | _aBIOLOGIA | ||
| 650 | _aMEIO AMBIENTE | ||
| 909 |
_a202309 _bLucia _c55 _dLucia Elande |
||
| 942 | _cBK | ||
| 999 |
_c66059 _d66059 |
||